| 000 | 00730nam a2200241 i 4500 | ||
|---|---|---|---|
| 001 | 180313 | ||
| 003 | ES-MaACL | ||
| 005 | 20230906221046.0 | ||
| 008 | 120528s2007 sp |||| | spa d | ||
| 020 | _a978-84-08-07511-0 | ||
| 020 | _a978-3-7857-2253-4 | ||
| 080 | _a821.112.2-31"19" | ||
| 100 | 1 |
_aBerling, Peter. _928060 |
|
| 245 | 1 | 0 |
_aA la sombra de las dagas, el paraíso / _cPeter Berling ; traducción de José Aníbal Campos. |
| 250 | _a1ª ed. | ||
| 260 |
_aBarcelona : _bPlaneta, _c2007. |
||
| 300 |
_a491 p. ; _c24 cm. |
||
| 490 | 1 | _aPlaneta internacional | |
| 700 | 0 |
_aCampos, José Aníbal. _934246 |
|
| 830 | 0 |
_aPlaneta internacional _9189078 |
|
| 852 |
_aES-MaACL _jL-25671 |
||
| 999 |
_c180313 _d180313 |
||